Tettum sarium (Malayalam) (Record no. 42451)

MARC details
000 -LEADER
fixed length control field 00313nam a2200121Ia 4500
020 ## - INTERNATIONAL STANDARD BOOK NUMBER
ISBN 8124004552
082 ## - DEWEY DECIMAL CLASSIFICATION NUMBER
Classification number 81'36=573.14
Item number RAM
100 ## - MAIN ENTRY--AUTHOR NAME
Personal name Ramachandran Nair, P
245 #0 - TITLE STATEMENT
Title Tettum sarium (Malayalam)
260 ## - PUBLICATION, DISTRIBUTION, ETC. (IMPRINT)
Place of publication Kottayam
Name of publisher Current Books
Year of publication 2003
942 ## - ADDED ENTRY ELEMENTS (KOHA)
Koha item type Books
Holdings
Withdrawn status Lost status Damaged status Not for loan Home library Current library Date acquired Cost, normal purchase price Full call number Accession Number Koha item type
        RRII Library RRII Library 16/12/2021 38.00 81'36=573.14 RAM 22723 Books